Habsburkové
| Titel: | Habsburkové : vzestup a pád světové velmoci / Martyn Rady ; z anglického originálu Habsburgs přeložil Jan Škrob |
|---|---|
| Verfasser: | |
| Beteiligt: | |
| Ausgabe: | Vydání první |
| Veröffentlicht: | V Praze : Slovart, 2021 |
| Umfang: | 400 Seiten, 16 ungezählte Seiten Bildtafeln : Illustrationen, Porträts, Karten, genealogische Tafeln ; 24 cm |
| Format: | Buch |
| Sprache: | Tschechisch |
| Einheitssachtitel: | Habsburgs |
| ISBN: | 9788027601813 ; 8027601819 |
| Hinweise zum Inhalt: |
Inhaltsverzeichnis
Abstract Cover Register |
alg: 49474034 001A $03004:16-05-22 001B $06055:16-03-26 $t18:15:45.000 001D $03004:16-05-22 001U $0utf8 001X $00 002@ $0Aau 002C $aText $btxt $2rdacontent 002D $aohne Hilfsmittel zu benutzen $bn $2rdamedia 002E $aBand $bnc $2rdacarrier 003@ $0494740345 004A $A978-80-276-0181-3 $f((vázáno)) 004A $080-276-0181-9 006C $01302727354 $aOCoLC 007A $0494740345 $aHEB 007G $0DE0200564E446E43D4995C12588460044D6FC 009P $qapplication/pdf $A2 $3Inhaltsverzeichnis $uhttp://scans.hebis.de/HEBCGI/show.pl?49474034_toc.pdf $mV:DE-603;B:DE-Mb50 009P $qapplication/pdf $A2 $3Abstract $uhttp://scans.hebis.de/HEBCGI/show.pl?49474034_sum.pdf $mV:DE-603;B:DE-Mb50 009P $qapplication/pdf $A2 $3Cover $uhttp://scans.hebis.de/HEBCGI/show.pl?49474034_cov.pdf $mV:DE-603;B:DE-Mb50 009P $qapplication/pdf $A2 $3Register $uhttp://scans.hebis.de/HEBCGI/show.pl?49474034_idx.pdf $mV:DE-603;B:DE-Mb50 010@ $acze 010E $erda 011@ $a2021 $n2021 021A $aHabsburkové $dvzestup a pád světové velmoci $hMartyn Rady ; z anglického originálu Habsburgs přeložil Jan Škrob 022A $aHabsburgs 028A $BVerfasser $#Rady, Martyn $4aut $71055807381 $8Rady, Martyn C.$Z1955- [Tp3] $9345258908 028C $BÜbersetzer $4trl $8Škrob, Jan J. [Tnu] $9494740442 032@ $aVydání první 033A $pV Praze $nSlovart 034D $a400 Seiten, 16 ungezählte Seiten Bildtafeln 034I $a24 cm 034M $aIllustrationen, Porträts, Karten, genealogische Tafeln 037A $aObsahuje bibliografické odkazy a rejstřík. 044A $aHabsburkové (rod) $2czenas $S37 $N600 044A $apanovnické dynastie $2czenas $S07 $zEvropa $N650 044A $aroyal houses $2czenas $S07 $zEurope $N650 044A $aEvropa $2czenas $S#7 $xdějiny $N651 044A $aEurope $2czenas $S#7 $xhistory $N651 044A $amonografie $2czenas $S#7 $N655 044A $amonographs $2czenas $S#7 $N655 044K $RLothringen $RHabsburger $#Habsburger$#Habsburg $#Habsburg $#Haus Österreich $#Casa de Austria $#domus Austriae $#Maison d’Autriche $#Casa d’Austria $#Haus Habsburg $#Haus Habsburg-Lothringen $#Habsburg-Lothringen $#Casa d'Asburgo $#Casa de Habsburgo $#House of Habsburg $#Maison de Habsbourg $#Maison d'Autriche $#Habsburkové $#Habsburg-ház $#Österreich-Lothringen $#Хабзбурзи $#Габсбурги $#Династія Габсбургів $#Хабсбурги $#Οίκος των Αψβούργων $D20251120 $Ecgmnf $7118544233 $8$PHabsburger$lDynastie : 1200- [Tp1] $908688526X 045F $a909 $eDDC23BSB 045F/01 $a909 045F/03 $f0902 045F/03 $f0903 045F/03 $f0904 045F/03 $g4 045F/03 $g437 lok: 49474034 24 exp: 49474034 24 1 #EPN 201B/01 $016-05-22 $t15:51:29.000 201C/01 $003-02-22 201U/01 $0utf8 203@/01 $01181067847 208@/01 $a16-05-22 $bz 209A/01 $a22.00890 $du $f050 $h22 00890 $x00 209C/01 $a22.00890 K $h22 00890 K 209G/01 $a74560482 $x00 220C/01 $akon 247C/01 $8358050-7 Marburg, Bibliothek des Herder-Instituts Marburg $9102600961
| LEADER | 00000cam a2200000 c 4500 | ||
|---|---|---|---|
| 001 | 494740345 | ||
| 003 | DE-603 | ||
| 005 | 20260316181545.0 | ||
| 007 | tu | ||
| 008 | 220516s2021 xx |||| | u00||u|cze c | ||
| 020 | |a 9788027601813 |c ((vázáno)) | ||
| 020 | |a 8027601819 | ||
| 035 | |a (DE-599)HEB494740345 | ||
| 040 | |a DE-603 |b ger |c DE-603 |d DE-603 |e rda | ||
| 041 | |a cze | ||
| 082 | 0 | 4 | |8 1\u |a 909 |q DE-101 |2 23/BSB |
| 085 | |8 1\u |b 909 | ||
| 085 | |8 1\u |z 1 |s 0902 | ||
| 085 | |8 1\u |z 1 |s 0903 | ||
| 085 | |8 1\u |z 1 |s 0904 | ||
| 085 | |8 1\u |z 2 |s 4 | ||
| 085 | |8 1\u |z 2 |s 437 | ||
| 100 | 1 | |a Rady, Martyn C. |d 1955- |e Verfasser |4 aut |0 (DE-603)345258908 |0 (DE-588)1055807381 |2 gnd | |
| 240 | 1 | 0 | |a Habsburgs |
| 245 | 0 | 0 | |a Habsburkové |b vzestup a pád světové velmoci |c Martyn Rady ; z anglického originálu Habsburgs přeložil Jan Škrob |
| 250 | |a Vydání první | ||
| 264 | 1 | |a V Praze |b Slovart |c 2021 | |
| 300 | |a 400 Seiten, 16 ungezählte Seiten Bildtafeln |b Illustrationen, Porträts, Karten, genealogische Tafeln |c 24 cm | ||
| 336 | |a Text |b txt |2 rdacontent | ||
| 337 | |a ohne Hilfsmittel zu benutzen |b n |2 rdamedia | ||
| 338 | |a Band |b nc |2 rdacarrier | ||
| 500 | |a Obsahuje bibliografické odkazy a rejstřík. | ||
| 600 | 3 | 7 | |a Habsburger |c Dynastie : 1200- |0 (DE-588)118544233 |0 (DE-603)08688526X |2 gnd |
| 700 | 1 | |a Škrob, Jan J. |e Übersetzer |4 trl |0 (DE-603)494740442 | |
| 856 | 4 | 2 | |m V:DE-603;B:DE-Mb50 |q application/pdf |u http://scans.hebis.de/HEBCGI/show.pl?49474034_toc.pdf |3 Inhaltsverzeichnis |
| 856 | 4 | 2 | |m V:DE-603;B:DE-Mb50 |q application/pdf |u http://scans.hebis.de/HEBCGI/show.pl?49474034_sum.pdf |3 Abstract |
| 856 | 4 | 2 | |m V:DE-603;B:DE-Mb50 |q application/pdf |u http://scans.hebis.de/HEBCGI/show.pl?49474034_cov.pdf |3 Cover |
| 856 | 4 | 2 | |m V:DE-603;B:DE-Mb50 |q application/pdf |u http://scans.hebis.de/HEBCGI/show.pl?49474034_idx.pdf |3 Register |
| 924 | 0 | |9 Mb 50 |a (DE-603)1181067847 |b DE-Mb50 |c HES |d c |g 22.00890 | |


